000 00658nam a2200217 u 4500
001 61596
005 20180714063305.0
008 141021s2009 sp r 000 0 spa d
020 _a978-84-493-2669-1
082 0 _a616.8914
_bNAR
100 1 _aNardone, Giorgio
_eautor
245 1 0 _aPienso, luego sufro :
_bcuando pensar demasiado hace daño /
_cGiorgio Nardone.
250 _a1ª edición
264 1 _aEspaña :
_bPaidós,
_c2012
300 _a126 páginas ;
_c24 cm.
336 _atexto
_2rdacontent
337 _asin mediación
_2rdameida
338 _avolumen
_2rdacarrier
650 0 4 _aPsicoterapia
700 1 _aDe Snatis, Giulio
999 _c61596
_d61596